000 00600nam a2200241Ia 4500
003 OSt
005 20221005125221.0
006 a|||||r|||| 00| 0
007 ta
008 221004b |||||||| |||| 00| 0 guj d
024 _a40867
037 _cTextual
040 _aCRL
_cCRL
_bguj
041 _2guj
_aguj
082 _aO156,1N082x, K0.1
100 _aSoni Ramanlal
_9192302
245 0 _aPagla
260 _c1960
300 _a66p.
_ccm.
650 _aGUJRATI LITERATURE
942 _hO156,1N082x, K0.1
_cTEXL
_2cc
999 _c1053306
_d1053306